[Event "Toronto NAYCC U10"]
[Site "Toronto"]
[Date "2013.08.18"]
[Round "9"]
[White "Ren, Gaven"]
[Black "Zeng, Leo"]
[Result "1/2-1/2"]
[WhiteElo "716"]
[BlackElo "1002"]
[PlyCount "47"]
[EventDate "2013.08.14"]
[EventType "swiss"]
[EventRounds "9"]
[EventCountry "CAN"]
[SourceTitle "EXT 2022"]
[Source "ChessBase"]
[SourceDate "2021.10.06"]
[SourceVersion "1"]
[SourceVersionDate "2021.10.06"]
[SourceQuality "1"]

1. d4 d5 2. c4 dxc4 3. e4 e6 4. Nc3 Bb4 5. Bxc4 Nf6 6. Bg5 Qd7 7. Bxf6 gxf6 8. Nf3 Nc6 9. a3 Bxc3+ 10. bxc3 b6 11. 0-0 Bb7 12. Bb5 Qe7 13. Qd3 0-0-0 14. Bxc6 Bxc6 15. Rfe1 Rhg8 16. Rad1 f5 17. exf5 Rde8 18. fxe6 fxe6 19. d5 Bxd5 20. Qa6+ Bb7 21. Qd3 Kb8 22. Re3 Ref8 23. Kf1 Qxa3 24. Qxh7 1/2-1/2